Statistics for All Cities With A Metro System

Click here to take the quiz!

General Stats

  • This quiz has been taken 111 times
  • The average score is 100 of 161

Answer Stats

Country Opened City % Correct
France1900Paris
100%
Argentina1913Buenos Aires
98%
Germany1902Berlin
96%
Germany1971Munich
96%
China1971Beijing
96%
Austria1976Vienna
96%
Finland1982Helsinki
95%
Canada1954Toronto
95%
Japan1927/1960/1997Tokyo
94%
Hungary1896Budapest
94%
Brazil1979Rio de Janeiro
94%
South Korea1974/1994/2011Seoul
94%
Belgium1976Brussels
94%
Denmark2002Copenhagen
93%
Czech Republic1974Prague
93%
China1993Shanghai
93%
Italy1955Rome
93%
Brazil1974São Paulo
93%
United Kingdom1890/1987London
93%
Norway1966Oslo
91%
Greece1904Athens
91%
Canada1966Montreal
91%
Germany1912Hamburg
90%
Egypt1987Cairo
90%
Brazil2001Brasília
90%
Spain1919Madrid
90%
Netherlands1977Amsterdam
90%
Spain1924Barcelona
90%
Canada1985Vancouver
89%
Russia1935Moscow
89%
Ukraine1960Kiev
89%
Chile1975Santiago
89%
France1978Lyon
89%
Belarus1984Minsk
89%
Algeria2011Algiers
89%
Italy1964Milan
88%
Russia1955Saint Petersburg
88%
India2014Mumbai
88%
India2002Delhi
88%
Turkey1989Istanbul
88%
Iran1999Tehran
88%
China1979Hong Kong
88%
Bulgaria1998Sofia
88%
Mexico1969Mexico City
86%
China1997Guangzhou
86%
Poland1995Warsaw
86%
Romania1979Bucharest
85%
Peru2011Lima
85%
Japan1933Osaka
85%
Taiwan1996Taipei
85%
France1977Marseille
85%
United States1904/1908/1925New York City
85%
Panama2014Panama City
84%
Turkey1997Ankara
83%
Singapore1987Singapore
83%
United States1897Chicago
81%
United States1993Los Angeles
81%
Netherlands1968Rotterdam
81%
Azerbaijan1967Baku
80%
Portugal1959Lisbon
80%
Phillippines1984/1999Manila
80%
North Korea1973Pyongyang
80%
Thailand1999/2004Bangkok
80%
Dominican Republic2009Santo Domingo
80%
United Arab Emirates2009Dubai
80%
Sweden1950Stockholm
80%
Armenia1981Yerevan
80%
Italy1993Naples
80%
Malaysia1996Kuala Lumpur
78%
United States1901Boston
78%
India1984Kolkata
76%
United States1972San Francisco
75%
United States1976Washington, D.C.
73%
Colombia1995Medellín
73%
Italy2006Turin
71%
South Korea1985Busan
71%
Georgia1966Tbilisi
71%
Japan1971Sapporo
68%
Japan1981Kyoto
66%
China2011Xi'an
65%
India2011Bangalore
65%
Brazil1986Belo Horizonte
65%
United States1907/1936Philadelphia
65%
Venezuela1983Caracas
65%
China1984Tianjin
65%
Saudi Arabia2010Mecca
64%
Kazakhstan2011Almaty
64%
India2015Chennai
64%
China2010Chengdu
63%
United Kingdom1896Glasgow
61%
France1993Toulouse
61%
Italy1990Genoa
60%
United States1979Atlanta
60%
China2004Shenzhen
59%
United States1984Miami
59%
Brazil1985Recife
58%
France1983Lille
58%
Japan1994Hiroshima
58%
Japan1957Nagoya
58%
China2005Chongqing
58%
Brazil1985Porto Alegre
56%
Turkey2000İzmir
55%
Mexico1991Monterrey
54%
China2005Nanjing
54%
Japan1972/2004Yokohama
53%
United States1983Baltimore
50%
Brazil2014Salvador
49%
China2013Harbin
49%
Uzbekistan1977Tashkent
48%
China2004Wuhan
48%
South Korea1999Incheon
48%
Japan1968/1977Kobe
45%
China2003Dalian
45%
Spain1995Bilbao
44%
China2010Shenyang
43%
China2012Hangzhou
43%
Russia1991Yekaterinburg
43%
Switzerland2005Lausanne
43%
Germany1972Nuremberg
40%
Russia1986Novosibirsk
40%
United States1955Cleveland
39%
South Korea1997Daegu
36%
France2002Rennes
36%
China2015Qingdao
35%
Japan1981Fukuoka
35%
Russia1985Nizhny Novgorod
35%
Russia2005Kazan
33%
Iran2015Isfahan
33%
Ukraine1975Kharkiv
31%
Ukraine1995Dnipro
30%
Iran2011Mashhad
30%
China2016Nanning
29%
Iran2014Shiraz
29%
China2012Kunming
29%
Taiwan2008Kaohsiung
28%
China2016Hefei
28%
China2014Changsha
26%
Russia1987Samara
26%
Japan1987Sendai
25%
China2013Zhengzhou
25%
Turkey2002Bursa
25%
India2015Jaipur
25%
Italy1999Catania
24%
China2016Fuzhou
24%
China2014Wuxi
24%
Iran2015Tabriz
23%
China2012Suzhou
23%
China2016Dongguan
23%
China2017Changchun
20%
Italy2013Brescia
19%
Turkey2009Adana
16%
China2017Shijiazhuang
15%
United States2004San Juan, Puerto Rico
15%
China2014Ningbo
15%
China2010Foshan
14%
South Korea2006Daejeon
13%
South Korea2004Gwangju
11%
China2015Nanchang
8%
India2017Kochi
4%
India2013Gurgaon
3%
Taiwan2017Taoyuan
1%

Score Distribution

Percentile by Number Answered

Percent of People with Each Score

Your Score History

You have not taken this quiz